000 01066nac a22002897a 4500
001 BR8003594
003 BR-BrBNA
005 20240105114721.0
008 230509b bl.|||m| |||| 00| 0 por d
040 _aBR-BrBNA
_bpor
_cBiblioteca Nacional de Agricultura
072 _aL70; L73
090 _a4150 BR8003594
110 1 _aSecretaria Nacional de Defesa Agropecuaria, Brasilia, DF (Brasil). Secretaria de Defesa Sanitaria Animal
_99192
245 1 _aRelatorio de Atividades Secretaria de Defesa Sanitaria Animal 1980 [Inspecao sanitaria; Aftosa; Profilaxia; Vacina; Brasil]
260 3 _aBrasilia, DF (Brasil):
_c[nd].
300 _a77 p.
490 _aRelatorio - Secretaria Nacional de Defesa Agropecuaria. Secretaria de Defesa Sanitaria Animal (Brazil)
_v
_x
500 _aNumerical data; Published 1980?
650 _aAFTOSA
650 _aDEFESA ANIMAL
650 _aINSPECAO SANITARIA
650 _aINSPECAO VETERINARIA
650 _aPROFILAXIA
650 _aVACINA
909 _a202312
_bLúcia Elande
_c55
_dLúcia Elande
942 _2AGRIS
_n0
_cMS
999 _c270912
_d270912